| 000 | 00947nam a2200277 a 4500 | ||
|---|---|---|---|
| 001 | 25905 | ||
| 003 | CO-ViMGA | ||
| 005 | 20230915232138.0 | ||
| 008 | 141112s2004 ck r 000 u spa d | ||
| 015 | _ack - 2009 - xxxx | ||
| 020 | _a9789584522993 | ||
| 040 |
_aCO-ViMGA _bspa _cCO-ViMGA |
||
| 041 | _aspa eng | ||
| 082 | 0 | 4 | _a658 H15f2 |
| 100 | 1 |
_aHamel, Gary. _940410 |
|
| 245 | 1 | 0 |
_aEl futuro de la administración / _cGary Hamel ; traductor Adriana de Hassan. |
| 250 | _a2a. ed. | ||
| 260 |
_aBogotá : _bGrupo Editorial Norma, _c2009. |
||
| 300 | _a357 p. ; 23 cm. | ||
| 650 | 1 | 4 |
_aAdministración de empresas. _92735 |
| 700 | 1 |
_aHassan, Adriana de, tr. _933689 |
|
| 942 |
_2ddc _cBK |
||
| 949 | _an n | ||
| 999 |
_c33142 _d33142 |
||